000 00641cam a22002293a 4500
001 24339
003 PGUSA
005 20140828083523.0
008 080117s2008||||xxu|||||s|||||000 | eng d
040 _aPGUSA
_beng
042 _adc
050 4 _aCT
100 1 _aCastelo Branco, Camilo,
_d1825-1890
245 1 0 _aSuicida
_h[electronic resource] /
_cCamilo Castelo Branco
260 _bProject Gutenberg,
_c2008
506 _aPublic domain in the USA.
516 _aElectronic text
653 _aLoève-Veimars, Elisa, 1805-1875
830 0 _aProject Gutenberg
_v24339
856 4 0 _uhttp://www.gutenberg.org/ebooks/24339
942 _cEB
999 _c253594
_d253594